| 000 | 00595nam a2200193 4500 | ||
|---|---|---|---|
| 005 | 20241218142704.0 | ||
| 010 | _aENG-143127 | ||
| 020 |
_a9788119337606 _c400.00 |
||
| 035 | _aEN-126659 | ||
| 037 | _bDBAD | ||
| 082 | _a338.1095405 | ||
| 100 |
_aBalamurugan, V. _975385 |
||
| 245 |
_aObjective Agricultural Economics/ _cby V. Balamurugan...[et.al] |
||
| 250 | _a1 | ||
| 260 |
_aMadurai _bShanlax Publications _c2023 |
||
| 270 |
_a61,66 Vasantha Nagar _bMadurai _e625003 _mshanlaxpublications@gmail.com |
||
| 300 |
_a194p. _c24cm(Pb) |
||
| 942 |
_2ddc _cEN _h338.1095405 _mBAl |
||
| 999 |
_c207805 _d207805 |
||